Equipos del Este Sureste de la NBA - Estadísticas

Estadísticas generales
  • Esta prueba ha sido intentada 23 veces
  • La puntuación promedio es 3 de 5
Estadísticas de respuestas
Equipos % Correcto
Miami Heat
89%
Charlotte Hornets
74%
Orlando Magic
63%
Atlanta Hawks
58%
Washington Wizards
42%
No se encontraron pruebas coincidentes
Distribución de puntuación
Porcentaje de gente con cada puntuación
Porcentaje por número respondido
Historial de tus puntuaciones
No has intentado esta prueba.